| 000 | 00972cab a2200325 4500 | ||
|---|---|---|---|
| 001 | ABS49693 | ||
| 008 | 090401t1993 xxu||||| |||| 00| 0 eng d | ||
| 035 | _a(Sirsi) u72383 | ||
| 041 | _aeng | ||
| 100 | _aBarrick, A. | ||
| 245 | _aDrawing the battle lines | ||
| 260 | _c1993 | ||
| 350 | _a0 | ||
| 490 |
_aBuilding _v258(7819) 12 November 1993, 20-21(2) |
||
| 520 | _aAn update on the protection of the title `architect`. Chartered building surveyors continue to lobby for legislative changes to enable them to take on refurbishment work in Europe. | ||
| 650 | _aARCHITECTS DIRECTIVE | ||
| 650 | _aARCHITECTS | ||
| 650 | _aARCUK | ||
| 650 | _aBUILDING SURVEYORS | ||
| 650 | _aEC DIRECTIVES | ||
| 650 | _aEUROPE | ||
| 650 | _aPROTECTION OF TITLE | ||
| 650 | _aREFURBISHMENT WORK | ||
| 650 | _aRIBA | ||
| 650 | _aRICS | ||
| 690 | _aBUILT ENVIRONMENT-CONSTRUCTION DESIGN | ||
| 690 | _aPROFESSIONAL PRACTICE | ||
| 942 | _n0 | ||
| 948 | _c04/03/1997 | ||
| 999 |
_c45728 _d45728 |
||